Quizzes
Events
Quiz Creation
Community
Videos
Private Events
Remove Ads
Sign In
Join for FREE
Feedback
Dark Mode
Quiz Categories
Sports
Geography
Music
Movies
Television
Just For Fun
Miscellaneous
History
Literature
Language
Science
Gaming
Entertainment
Religion
Holiday
For Kids
Quiz Lab
Recent
Popular Today
Quiz Kudos Today
Editor Picks
Curator Picks
Quizzes by...
Day
Popularity
Type
Ratings
Length
Year
Community
Subscriptions
Recent Discussions
Orange Saloon
Badges
Playlists
Quests
Create
Leaderboards
Showdown
Live 5
Trivia Bingo
Activity
Puzzle Library
Sporcle Events
Private Events
Virtual Trivia
Globe League
Become a Host
Pub Owners
SporcleCon
Opinionation
Our Games
Videos
Blog
Mobile Apps
Partnerships
Remove Ads and Go Orange
Feedback
Sports
Athletes
MLB
NBA
NHL
NFL
Soccer
Sports Teams
WWE
NCAA
Football
Premier League
Basketball
Baseball
Hockey
Golf
Tennis
Cricket
Rugby
Auto Racing
Olympics
World Cup
Sports
Athletes
MLB
NBA
NHL
NFL
Soccer
Sports Teams
WWE
NCAA
Football
Premier League
Basketball
Baseball
Hockey
Golf
Tennis
Cricket
Rugby
Auto Racing
Olympics
World Cup
Random Quiz
Search Sporcle
×
Quiz Lab
Quiz Lab
Sports
WWE
Type in answers that appear in a list
Type in answers that appear in a list
Classic
Best Score? Go Orange.
History of the WCW/WWE Cruiserweight Championship Stats
Can you name the History of the WCW/WWE Cruiserweight Championship?
By
TeresaaBabyyy92
16m
99 Questions
546 Plays
546 Plays
546 Plays
Comments
Comments
Give Quiz Kudos
Give Quiz Kudos
-
- Ratings
hide this ad
Replay
Link that replays current quiz
Next Quiz
Link to next quiz in quiz playlist
You Got
0%
They Got
Avg Score
69%
Avg Friend Score
Upgrade to see
Score Distribution
Jump to the score distribution portion of the page
Score
0/99
Timer
16:00
0
Plays Today
Year
Wrestler
% Correct
1996
Rey Mysterio
96.1%
1997
Rey Mysterio
96.1%
1998
Rey Mysterio
96.1%
1999
Rey Mysterio
96.1%
1999
Rey Mysterio
96.1%
2003
Rey Mysterio
96.1%
2003
Rey Mysterio
96.1%
2004
Rey Mysterio
96.1%
2000
Chavo Guerrero, Jr.
95%
2000
Chavo Guerrero, Jr.
95%
2004
Chavo Guerrero, Jr.
95%
2004
Chavo Guerrero, Jr.
95%
2004
Chavo Guerrero, Sr.
95%
2005
Chavo Guerrero, Jr.
95%
2007
Chavo Guerrero, Jr.
95%
1997
Eddie Guerrero
94.3%
1997
Eddie Guerrero
94.3%
2017
Neville
89.3%
2017
Neville
89.3%
1997
Chris Jericho
87.8%
1997
Chris Jericho
87.8%
1998
Chris Jericho
87.8%
1998
Chris Jericho
87.8%
2017
Enzo Amore
87.4%
2017
Enzo Amore
87.3%
1996
Dean Malenko
86.9%
1996
Dean Malenko
86.9%
1997
Dean Malenko
86.9%
1998
Dean Malenko
86.9%
1998
Billy Kidman
85.8%
1998
Billy Kidman
85.8%
2000
Billy Kidman
85.8%
2001
Billy Kidman
85.8%
Year
Wrestler
% Correct
2001
Billy Kidman
85.8%
2002
Billy Kidman
85.8%
2002
Billy Kidman
85.8%
2016
TJ Perkins
85.6%
2016
The Brian Kendrick
85.4%
1998
Juventud Guerrera
83.8%
1998
Juventud Guerrera
83.8%
1998
Juventud Guerrera
83.8%
2005
Juventud Guerrera
83.8%
2005
Juventud Guerrera
83.8%
2016
Rich Swann
83%
2018
Cedric Alexander
82.8%
2001
Shane Helms
81.9%
2002
The Hurricane
81.9%
2006
Gregory Helms
81.9%
2007
Hornswoggle
79.7%
2003
Matt Hardy
79.3%
2001
Tajiri
78%
2002
Tajiri
78%
2003
Tajiri
78%
1997
Syxx
76.2%
2001
X-Pac
76.2%
2002
Jamie Noble
75.8%
1999
Psychosis
75.1%
1999
Psychosis
75.1%
2017
Akira Tozawa
74.2%
2019
Tony Nese
74.1%
2018
Buddy Murphy
73.3%
2005
Paul London
73.1%
2017
Kalisto
72.5%
1996
Ultimo Dragon
72.5%
1997
Ultimo Dragon
72.5%
1991
Brian Pillman
72.3%
Year
Wrestler
% Correct
1992
Brian Pillman
72.3%
2019
Drew Gulak
71.5%
1991
Jushin Thunder Liger
67%
2020
Jordan Devlin
64.2%
2021
Roderick Strong
63.7%
2020
Santos Escobar
62.2%
2022
Carmelo Hayes
61.4%
2004
Spike Dudley
60.3%
2004
Funaki
59%
2004
Jacqueline
58.9%
2005
Kid Kash
58.1%
2005
Nunzio
57.7%
2005
Nunzio
57.7%
2019
Leo Rush
56.5%
2019
Angel Garza
55.8%
2000
Lance Storm
55.2%
1992
Scotty Flamingo
53%
1997
Alex Wright
53%
1999
Madusa
53%
1999
Disco Inferno
47.8%
2021
Kushida
47.6%
2000
Crowbar and Daffney
47%
1999
Evan Karagias
45.9%
2000
Oklahoma
44.3%
2000
The Artist
43.2%
2000
The Artist
43.2%
2000
Daffney
42.1%
1992
Brad Armstrong
40.4%
2000
Elix Skipper
39.7%
1996
Shinjiro Otani
35.4%
1999
Lenny Lane
33.6%
2000
Chris Candido
33.4%
2000
Mike Sanders
30.1%
Quiz Playlist
Details
Report
Send in Message
Add To Playlist
Classic:
Type in answers that appear in a list
Last Updated: Sep 25, 2017
Quiz Scoreboard
CHALLENGE
Sign Up to Join the Scoreboard
Show All
Scores
Hide
Comments
May contain spoilers
Recently Published
College Basketball Coaching Resumes
by pancakes188
Sports
9m
Billboard Blitz: Fleetwood Mac
by CooCooCachoo
Music
15s
Presidents Visiting Landmarks
by Hejman
History
7m
More to Explore
Quiz From the Vault
Featured Blog Post
Where Did the Easter Bunny Come From?
hide this ad
You Might Also Like...
Tags
WWE Quiz
Championship
Cruiserweight
WCW
Today's Top Quizzes in Sports
Browse Sports
hide this ad
Today's Top Quizzes in WWE
Browse WWE
Top Contributed Quizzes in Sports
1
Les meilleurs buteurs des matchs entre le PSG et l’OM
2
2022 World Cup Stars
3
FIFA Club World Cup Champions
4
Les entraîneurs de l'OM et du PSG au 21e siècle
5
Criteria MLB: Left Handed Sluggers
6
AFC Teams Reveal (Wrong Answers Minefield)
7
5-to-1: UK Sports Teams
8
Name the Premier League winners with different clubs
9
5-to-1: FBS Animal Nicknames
10
Players with Multiple 50 Home Run Seasons
Explore More
Trending Topics
Disney
Anime
Crossword
Harry Potter
NBA
Marvel
Kpop
NFL
The Office
Puzzle
WWE
Song
Soccer
Country
Pokémon
hide this ad
More By:
TeresaaBabyyy92
Quiz
Plays
Rating
Category
Featured
Created
History of the WWE Intercontinental Championship
5,420
4.76
Sports
Dec 6, 2013
Top 5 Home Run Hitters for Each Team
5,089
4.70
Sports
Apr 24, 2014
History of the WWE Championship
3,322
4.78
Sports
Dec 7, 2013
History of the WWE United States Championship
2,027
5.00
Sports
Dec 5, 2013
History of the Big Gold Belt
1,622
4.85
Sports
Dec 28, 2013
Go to Creator's Profile
Score Distribution
Quiz Creator Spotlight
TeresaaBabyyy92
Follow
Send a Message
Quizzes Created
-
Created Quiz Play Count
-
More By This Creator
Popular Quizzes Today
1
Find the US States - No Outlines Minefield
2
Find the Countries of Europe - No Outlines Minefield
3
The Countries of the World
4
Find the US States
5
Risky Map Clicking: Biggest States A-Z
6
US States
7
Popular People in 1961
8
Movies - When Are They Set?
More Sports Quizzes
NFL Yearly Leaders of the '00s & '10s
Published
Trending Quizzes
Risky Map Clicking: Least Populous States A-Z
1-10 Letter G Words
1-10 Letter F Words
Risky Map Clicking: Next State Alphabetically
Click the Washington State Counties! (Map)
Recently Updated
Leaping Animals
pecheneg
Reality TV Shows (A-Z)
bhenderson79
Rickey Henderson's Hall of Fame Teammates
pecheneg
Champions League XIs: Arsenal
pecheneg
Quick Pick: Celebrities in WWE's Hall of Fame
aduchscher
A-Z Keypad Blitz II
pecheneg
Multiple Oscar Actors
pecheneg
Mystery Phrase Blitz: Oscar 'Best Actors'
pecheneg
F. Scott Fitzgerald Novels
LTH
Pick 3 Villains
ddd62291
Trending Topics
NBA
Marvel
Kpop
Crossword
Harry Potter
Anime
Disney
Soccer
The Office
WWE
Puzzle
NFL
Song
Country
Pokémon
Your Account Isn't Verified!
In order to create a playlist on Sporcle, you need to verify the email address you used during registration. Go to your
Sporcle Settings
to finish the process.
Report this User
Report this user for behavior that violates our
Community Guidelines
.
Details:
Send Report
Go to the Sporcle.com Mobile Site →
Comments